000 00456nam a2200181Ia 4500
008 151018s9999 xx 000 0 und d
082 _bRBASDV33146
_a891.463
100 _aव पु काळे
245 _aचिअस
250 _b4
260 _bचीरानी
_c1997
300 _a150
600 _aव पु काळे
630 _aचिअस
700 _aव पु काळे
730 _aचिअस
942 _cBOOK
999 _c1032666
_d1032663